Statistics for Tell Me Why lyrics

Click here to take the quiz!

General Stats

  • This quiz has been taken 104 times
  • The average score is 261 of 351

Answer Stats

Lyrics% Correct
a
100%
I
96%
me
96%
me,
96%
You
96%
you
96%
Tell
94%
tell
94%
Why
93%
why
93%
why,
93%
why?
93%
the
89%
and
81%
And
81%
to
81%
do
80%
no
80%
that
80%
know
78%
my
78%
then
78%
your
78%
I'm
76%
on
76%
when
76%
in
74%
not
74%
what
74%
you're
74%
are
72%
like
72%
but
70%
But
70%
love
70%
love,
70%
see
70%
so
70%
want
70%
down
69%
have
69%
it
69%
of
69%
one
69%
who
69%
don't
67%
feel
67%
go
67%
attitude
65%
believe
65%
can
65%
doing
65%
feeling
65%
Feeling
65%
sick
65%
tired
65%
around
63%
got
63%
here
63%
I've
63%
make
63%
said
63%
for
61%
last
61%
night
61%
now
61%
push
61%
say,
61%
thing
61%
think
61%
bullet
59%
chance,
59%
heartbeat
59%
Here's
59%
here's
59%
mean
59%
need
59%
proof
59%
proof,
59%
took
59%
might
57%
only
57%
remember
57%
reasons
56%
reasons,
56%
run
56%
shot
56%
cover
54%
Makes
54%
oh
54%
streak
54%
day
52%
from
52%
ground
52%
hard
52%
how
52%
mind?
52%
small
52%
temper
52%
told
52%
get
50%
inside?
50%
put
50%
whole
50%
could
48%
cut
48%
dreams
48%
perfect
48%
ruin
48%
swing,
48%
Yes,
48%
book
46%
someone's
46%
back,
44%
let
44%
step
44%
trying
44%
write
44%
take
43%
confused
39%
ask
37%
Forget
37%
Well,
37%
frustrated
31%

Score Distribution

Percentile by Number Answered

Percent of People with Each Score

Your Score History

You have not taken this quiz